| 000 | 01143nam a2200241Ia 4500 | ||
|---|---|---|---|
| 999 |
_c38642 _d38642 |
||
| 001 | 4864 | ||
| 003 | GE_BSU | ||
| 005 | 20200127112803.0 | ||
| 008 | 181216s2005||||ge |||||||||||||| ||geo|| | ||
| 020 | _a9994031546 | ||
| 040 | _cGE_BSU | ||
| 041 | _ageo | ||
| 080 | _a811.124-8 კ-44 | ||
| 100 |
_aკვაჭანტირაძე, ქეთევან _93508 |
||
| 245 |
_aკლასიკური ენები ჩვენს ყოველდღიურობაში / _c ქეთევან კვაჭანტირაძე ; რედ. ქეთევან აბესაძე. |
||
| 264 |
_aთბილისი : _bლოგოსი ; _c2005. |
||
| 300 |
_a197 გვ. ; _c20 სმ. |
||
| 653 | _aლათინური ენის სახელმძღვანელოები | ||
| 653 | _aძველი ბერძნული ენის სახელმძღვანელოები | ||
| 700 |
_aდანელია, მაია _eავტორი _93446 |
||
| 700 |
_aაბესაძე, ქეთევან _eრედაქტორი _93446 |
||
| 942 |
_cBK _2udc |
||